[Event "Venice Autumn 27th"]
[Site "Venice ITA"]
[Date "2023.10.15"]
[Round "4"]
[White "Bianchi, Andrea"]
[Black "Marson, Roy"]
[Result "1-0"]
[WhiteElo "2040"]
[BlackElo "1952"]
[PlyCount "57"]
[EventDate "2023.10.13"]
[EventType "tourn"]
[EventRounds "5"]
[EventCountry "ITA"]
[SourceTitle "Mega2024 Update 01"]
[Source "Chessbase"]
[SourceDate "2023.11.12"]
[SourceVersion "1"]
[SourceVersionDate "2023.11.12"]
[SourceQuality "1"]

1. e4 e5 2. Nf3 Nc6 3. Bc4 Bc5 4. c3 Nf6 5. d3 d6 6. 0-0 h6 7. a4 a6 8. Na3 Bg4 9. Nc2 0-0 10. Be3 Bxe3 11. Nxe3 Bh5 12. Nf5 Ne7 13. Ng3 Bg6 14. Nh4 d5 15. exd5 Nfxd5 16. Re1 Nb6 17. Rxe5 Nxc4 18. dxc4 Nc6 19. Nxg6 Nxe5 20. Nxe5 Qxd1+ 21. Rxd1 Rad8 22. Rd4 Rfe8 23. f4 f6 24. Nf3 Kf7 25. Kf2 g6 26. f5 g5 27. h3 b6 28. Nf1 c6 29. g4 1-0

[Event "Venice Autumn 27th"]
[Site "Venice ITA"]
[Date "2023.10.14"]
[Round "2"]
[White "Vincenti, Leonardo"]
[Black "Marson, Roy"]
[Result "0-1"]
[WhiteElo "2196"]
[BlackElo "1952"]
[PlyCount "70"]
[EventDate "2023.10.13"]
[EventType "tourn"]
[EventRounds "5"]
[EventCountry "ITA"]
[SourceTitle "Mega2024 Update 01"]
[Source "Chessbase"]
[SourceDate "2023.11.12"]
[SourceVersion "1"]
[SourceVersionDate "2023.11.12"]
[SourceQuality "1"]

1. e4 e5 2. Nf3 Nc6 3. Nc3 Nf6 4. Bb5 Bb4 5. 0-0 0-0 6. d3 Bxc3 7. bxc3 d6 8. Re1 Ne7 9. d4 Ng6 10. Ba3 a6 11. Bc4 Re8 12. Ng5 Re7 13. h4 h6 14. Nxf7 Rxf7 15. h5 Nf4 16. dxe5 N6xh5 17. Bxf7+ Kxf7 18. exd6 Qg5 19. Qf3 Bg4 20. Qe3 Be2 21. g3 Qg4 22. Rxe2 Nxe2+ 23. Kf1 Nexg3+ 24. fxg3 Nxg3+ 25. Ke1 cxd6 26. Kd2 Nxe4+ 27. Kd3 Re8 28. Rf1+ Kg8 29. Qf4 Nc5+ 30. Bxc5 Qe2+ 31. Kd4 dxc5+ 32. Kxc5 Qb5+ 33. Kd4 Qd7+ 34. Kc4 Rc8+ 35. Kb3 Qb5+ 0-1

[Event "ITA-ch U20"]
[Site "Tarvisio"]
[Date "2023.07.09"]
[Round "9"]
[White "Marson, Roy"]
[Black "Guccione, Matteo Francesco"]
[Result "1/2-1/2"]
[WhiteElo "1994"]
[BlackElo "1852"]
[PlyCount "121"]
[EventDate "2023.07.02"]
[EventType "swiss"]
[EventRounds "9"]
[EventCountry "ITA"]
[SourceTitle "EXT 2024"]
[Source "ChessBase"]
[SourceDate "2023.10.10"]
[SourceVersion "1"]
[SourceVersionDate "2023.10.10"]
[SourceQuality "1"]

1. e4 c6 2. d4 d5 3. exd5 cxd5 4. c4 Nf6 5. Nc3 g6 6. Nf3 Bg7 7. c5 0-0 8. Bd3 Bg4 9. 0-0 Nc6 10. Be2 Ne4 11. Be3 e6 12. h3 Bxf3 13. Bxf3 f5 14. Bxe4 fxe4 15. a3 Ne7 16. b4 Nf5 17. Rc1 Nxe3 18. fxe3 Qg5 19. Qe2 Bh6 20. Rce1 Rxf1+ 21. Qxf1 Rf8 22. Qe2 Rf3 23. Kh1 Rxe3 24. Qxe3 Qxe3 25. Rxe3 Bxe3 26. Ne2 Kf8 27. b5 Ke7 28. a4 Kd7 29. g3 g5 30. h4 h6 31. hxg5 hxg5 32. Kg2 e5 33. Nc3 Bxd4 34. Nxd5 Bxc5 35. Nf6+ Ke6 36. Nxe4 Be7 37. Nc3 g4 38. Kf2 Bb4 39. Ne4 Be7 40. Nc3 Bb4 41. Ne4 Be7 42. Ke3 Kd5 43. Kd3 a6 44. bxa6 bxa6 45. Nf2 Bd6 46. Nxg4 e4+ 47. Ke3 Bxg3 48. Nf6+ Kc4 49. Nxe4 Bc7 50. Nd2+ Kb4 51. Kd4 Bb6+ 52. Kd3 Kxa4 53. Kc4 Ka3 54. Nb3 Ba7 55. Na5 Bb6 56. Nc6 Bc7 57. Na7 Kb2 58. Kb4 Kc2 59. Nc6 Kd3 60. Nb8 a5+ 61. Ka4 1/2-1/2

[Event "ITA-ch U20"]
[Site "Tarvisio"]
[Date "2023.07.06"]
[Round "5"]
[White "Marson, Roy"]
[Black "Casadio, Filippo"]
[Result "1-0"]
[WhiteElo "1994"]
[BlackElo "1709"]
[PlyCount "143"]
[EventDate "2023.07.02"]
[EventType "swiss"]
[EventRounds "9"]
[EventCountry "ITA"]
[SourceTitle "EXT 2024"]
[Source "ChessBase"]
[SourceDate "2023.10.10"]
[SourceVersion "1"]
[SourceVersionDate "2023.10.10"]
[SourceQuality "1"]

1. e4 e5 2. Nf3 Nc6 3. Bb5 a6 4. Ba4 Nf6 5. 0-0 Be7 6. Re1 b5 7. Bb3 0-0 8. h3 Bb7 9. c3 d5 10. exd5 Nxd5 11. d4 exd4 12. cxd4 Na5 13. Bc2 c5 14. Nc3 Nb4 15. Be4 Bxe4 16. Rxe4 c4 17. Bf4 Nd3 18. Qd2 f5 19. Re2 Bf6 20. Be5 Nc6 21. Bxf6 Rxf6 22. Qe3 Rd6 23. Rd1 f4 24. Qe4 Nxd4 25. Nxd4 Rxd4 26. Qe6+ Kh8 27. Red2 h6 28. Ne2 Rd6 29. Qe4 f3 30. Qxf3 Rf6 31. Qe3 Qf8 32. Nc3 Re8 33. Qg3 Qc5 34. b3 Kh7 35. bxc4 bxc4 36. Rxd3 cxd3 37. Qxd3+ Rg6 38. Nd5 Rf8 39. Rd2 Qd6 40. Qe4 Kh8 41. Ne7 Re6 42. Rxd6 Rxe4 43. Ng6+ Kg8 44. Nxf8 Re1+ 45. Kh2 Kxf8 46. Rxa6 Re2 47. f4 Kf7 48. a4 h5 49. Kg3 h4+ 50. Kxh4 Rxg2 51. a5 Kg8 52. Ra8+ Kh7 53. a6 Kg6 54. a7 Ra2 55. f5+ Kh7 56. Kg5 Ra4 57. h4 Ra5 58. h5 Ra4 59. h6 gxh6+ 60. Kh5 Ra5 61. Kh4 Ra4+ 62. Kg3 Ra3+ 63. Kf4 Ra4+ 64. Ke3 Ra3+ 65. Kd4 Ra4+ 66. Kc3 h5 67. f6 Kg6 68. Rg8+ Kxf6 69. a8Q Rxa8 70. Rxa8 Kg5 71. Kd2 Kg4 72. Ra3 1-0

[Event "ITA-ch U20"]
[Site "Tarvisio"]
[Date "2023.07.05"]
[Round "4"]
[White "Vulpio, Martin"]
[Black "Marson, Roy"]
[Result "0-1"]
[WhiteElo "1626"]
[BlackElo "1994"]
[PlyCount "96"]
[EventDate "2023.07.02"]
[EventType "swiss"]
[EventRounds "9"]
[EventCountry "ITA"]
[SourceTitle "EXT 2024"]
[Source "ChessBase"]
[SourceDate "2023.10.10"]
[SourceVersion "1"]
[SourceVersionDate "2023.10.10"]
[SourceQuality "1"]

1. d4 Nf6 2. Nf3 g6 3. Bg5 Bg7 4. e3 d6 5. Bd3 0-0 6. 0-0 Nbd7 7. c3 e5 8. Nbd2 Re8 9. Qc2 b6 10. h3 Bb7 11. dxe5 Nxe5 12. Nxe5 Rxe5 13. Bf4 Re8 14. Bg5 Qd7 15. a4 a6 16. Bxf6 Bxf6 17. Be4 d5 18. Bf3 c5 19. Rad1 Rad8 20. Ne4 Bg7 21. Qb3 Re6 22. Ng3 Rd6 23. Ne2 Bc6 24. Qxb6 Bxa4 25. Qxc5 Bxd1 26. Rxd1 Rb8 27. Bxd5 Rxb2 28. Bxf7+ Qxf7 29. Rxd6 Rxe2 30. Rd8+ Bf8 31. Rxf8+ Qxf8 32. Qc4+ Kg7 33. Qxe2 Qa3 34. c4 Qc1+ 35. Kh2 a5 36. Qa2 Qc3 37. Qa4 Qb4 38. Qd7+ Kf6 39. Qd4+ Ke7 40. e4 Qd6+ 41. Qxd6+ Kxd6 42. f4 a4 43. e5+ Ke6 44. Kg3 a3 45. Kg4 a2 46. Kg5 a1Q 47. g4 Qf1 48. Kh6 Qxh3+ 0-1

[Event "ITA-ch U20"]
[Site "Tarvisio"]
[Date "2023.07.04"]
[Round "3"]
[White "Marson, Roy"]
[Black "Filannino, Ruggiero"]
[Result "1/2-1/2"]
[WhiteElo "1994"]
[BlackElo "1656"]
[PlyCount "70"]
[EventDate "2023.07.02"]
[EventType "swiss"]
[EventRounds "9"]
[EventCountry "ITA"]
[SourceTitle "EXT 2024"]
[Source "ChessBase"]
[SourceDate "2023.10.10"]
[SourceVersion "1"]
[SourceVersionDate "2023.10.10"]
[SourceQuality "1"]

1. e4 e5 2. Nf3 Nc6 3. Bb5 a6 4. Ba4 Nf6 5. 0-0 Be7 6. Re1 b5 7. Bb3 d6 8. c3 Bg4 9. d3 0-0 10. Nbd2 Na5 11. Bc2 c5 12. h3 Bh5 13. Nf1 Nc6 14. Ng3 Bg6 15. Nf5 a5 16. a4 b4 17. N3h4 Nh5 18. Nxe7+ Qxe7 19. Nf5 Bxf5 20. exf5 Nf6 21. d4 cxd4 22. cxd4 Qc7 23. dxe5 dxe5 24. Be4 Rfd8 25. Qc2 Nxe4 26. Rxe4 Qd7 27. Be3 Qxf5 28. Qxc6 Rac8 29. Qb7 Rb8 30. Qc6 Rbc8 31. g4 Qf3 32. Qb7 Rb8 33. Qc6 Rbc8 34. Qb7 Rb8 35. Qc6 Rbc8 1/2-1/2

[Event "ITA-ch U20"]
[Site "Tarvisio"]
[Date "2023.07.03"]
[Round "2"]
[White "Popolizio, Vito"]
[Black "Marson, Roy"]
[Result "1/2-1/2"]
[WhiteElo "1678"]
[BlackElo "1994"]
[PlyCount "150"]
[EventDate "2023.07.02"]
[EventType "swiss"]
[EventRounds "9"]
[EventCountry "ITA"]
[SourceTitle "EXT 2024"]
[Source "ChessBase"]
[SourceDate "2023.10.10"]
[SourceVersion "1"]
[SourceVersionDate "2023.10.10"]
[SourceQuality "1"]

1. d4 Nf6 2. Bf4 g6 3. e3 Bg7 4. Nf3 d6 5. Bc4 0-0 6. 0-0 Nbd7 7. Nbd2 Qe8 8. e4 e5 9. dxe5 dxe5 10. Bg5 Nc5 11. Bxf6 Bxf6 12. Qe2 Ne6 13. Bxe6 Bxe6 14. Nb3 Qc6 15. Rfd1 a5 16. Nc1 Bc4 17. Nd3 Bg7 18. b3 Ba6 19. c4 Rae8 20. Nd2 f5 21. f3 Bh6 22. Nf2 b6 23. Nf1 b5 24. cxb5 Bxb5 25. Qb2 Qb6 26. Qc2 fxe4 27. Qxe4 Bc6 28. Qc4+ Kh8 29. Qc3 Bg7 30. Rac1 Re6 31. Qc5 Qb7 32. Ng3 a4 33. b4 Bh6 34. Ng4 Bg7 35. Nf2 Rb8 36. a3 Bh6 37. Rc2 Rbe8 38. Nfe4 Bf4 39. Qc3 Bxg3 40. Nxg3 R8e7 41. Rd8+ Kg7 42. Rdd2 Bd5 43. Re2 Bb3 44. Rcd2 Rc6 45. Qe3 Rc1+ 46. Re1 Qc6 47. Ne4 Qc4 48. Nc5 Rc3 49. Qg5 Qf7 50. Rxe5 Rc1+ 51. Kf2 Rxe5 52. Qxe5+ Kh6 53. Qe3+ g5 54. Ne4 Qf5 55. h4 Bc4 56. hxg5+ Kg6 57. Ng3 Qxg5 58. Qe8+ Bf7 59. Qe4+ Kg7 60. f4 Qf6 61. Nf5+ Kf8 62. Re2 Rd1 63. Qe5 Qxe5 64. Rxe5 Rd3 65. Re3 Rd2+ 66. Re2 Rd5 67. Re5 Rd2+ 68. Re2 Rd1 69. Re1 Rd8 70. Re5 Rd3 71. Re3 Rb3 72. Nd4 Rb2+ 73. Re2 Rb1 74. Re1 Rb2+ 75. Re2 Rb1 1/2-1/2

[Event "Bassano del Grappa Vergani Cup"]
[Site "Bassano del Grappa"]
[Date "2023.02.05"]
[Round "9"]
[White "Marson, Roy"]
[Black "Wahlgreen, Noah Krug"]
[Result "1-0"]
[WhiteElo "2009"]
[BlackElo "2030"]
[PlyCount "67"]
[EventDate "2023.02.01"]
[EventType "swiss"]
[EventRounds "9"]
[EventCountry "ITA"]
[SourceTitle "CBM 212 Extra"]
[Source "ChessBase"]
[SourceDate "2023.03.31"]
[SourceVersion "1"]
[SourceVersionDate "2023.03.31"]
[SourceQuality "1"]

1. e4 c6 2. d4 d5 3. exd5 cxd5 4. c4 Nf6 5. Nc3 g6 6. Nf3 Bg7 7. Be3 0-0 8. h3 Nc6 9. Be2 b6 10. 0-0 Bb7 11. Rc1 dxc4 12. Bxc4 Nb4 13. a3 Nbd5 14. Ne5 Nxc3 15. bxc3 Rc8 16. Qe2 Nd5 17. Nf3 b5 18. Bxd5 Qxd5 19. a4 bxa4 20. Rfe1 Rc4 21. Bf4 e6 22. Qb2 Rfc8 23. Re2 Ba6 24. Nd2 R4c6 25. Ree1 Qa5 26. Ne4 Rb6 27. Qa3 Rb3 28. Qe7 Rb7 29. Qh4 Rd7 30. Be5 Qd8 31. Qf4 Bd3 32. Bxg7 Bxe4 33. Bf6 e5 34. dxe5 1-0

[Event "Bassano del Grappa Vergani Cup"]
[Site "Bassano del Grappa"]
[Date "2023.02.04"]
[Round "7"]
[White "Candian, Lorenzo"]
[Black "Marson, Roy"]
[Result "1-0"]
[WhiteElo "2045"]
[BlackElo "2009"]
[PlyCount "101"]
[EventDate "2023.02.01"]
[EventType "swiss"]
[EventRounds "9"]
[EventCountry "ITA"]
[SourceTitle "CBM 212 Extra"]
[Source "ChessBase"]
[SourceDate "2023.03.31"]
[SourceVersion "1"]
[SourceVersionDate "2023.03.31"]
[SourceQuality "1"]

1. e4 e5 2. Nf3 Nc6 3. Nc3 Nf6 4. Bb5 Bb4 5. 0-0 0-0 6. d3 d6 7. Ne2 Ne7 8. c3 Ba5 9. Ng3 Ng6 10. d4 c6 11. Bd3 Bb6 12. h3 Re8 13. Re1 Qc7 14. Bg5 Nd7 15. h4 h6 16. h5 Nf4 17. Bxf4 exf4 18. Nf5 Nf6 19. N3h4 Bxf5 20. Nxf5 Qd7 21. Qf3 Re6 22. Qxf4 Nxh5 23. Qg4 g6 24. Nxh6+ Kh7 25. Nf5 Qd8 26. Nxd6 Qxd6 27. e5 Qf8 28. Qxh5+ Qh6 29. Qf3 Kg7 30. Bc4 Rh8 31. Kf1 Re7 32. g3 Qh1+ 33. Qxh1 Rxh1+ 34. Kg2 Rxe1 35. Rxe1 Bc7 36. f4 f6 37. Kf3 b6 38. Ke4 a5 39. a4 Bb8 40. Kd3 Bc7 41. Kd2 Bb8 42. Bd3 f5 43. Be2 Re8 44. Bf3 Rc8 45. c4 Rd8 46. d5 c5 47. d6 Rh8 48. Bc6 Rh2+ 49. Kc1 Rh8 50. e6 Bxd6 51. e7 1-0

[Event "Bassano del Grappa Vergani Cup"]
[Site "Bassano del Grappa"]
[Date "2023.02.03"]
[Round "5"]
[White "Andreev, Konstantin"]
[Black "Marson, Roy"]
[Result "1-0"]
[WhiteElo "2186"]
[BlackElo "2009"]
[PlyCount "83"]
[EventDate "2023.02.01"]
[EventType "swiss"]
[EventRounds "9"]
[EventCountry "ITA"]
[SourceTitle "CBM 212 Extra"]
[Source "ChessBase"]
[SourceDate "2023.03.31"]
[SourceVersion "1"]
[SourceVersionDate "2023.03.31"]
[SourceQuality "1"]

1. e4 e5 2. Nf3 Nc6 3. Bc4 Bc5 4. d3 Nf6 5. 0-0 d6 6. c3 Be6 7. Bxe6 fxe6 8. Qb3 Qd7 9. Qxb7 0-0 10. Qb3 Nh5 11. Be3 Rf6 12. Nbd2 Nf4 13. Qc2 Qf7 14. Kh1 Rf8 15. Bxf4 Rxf4 16. Qd1 Qh5 17. b4 Bb6 18. b5 Ne7 19. d4 g5 20. dxe5 g4 21. Nd4 Bxd4 22. cxd4 dxe5 23. dxe5 Qxe5 24. Rc1 Ng6 25. Qe2 Qb2 26. Rxc7 Qxa2 27. Qe3 Qa5 28. Rb7 R4f7 29. Rxf7 Rxf7 30. Rb1 Rd7 31. Nf1 Qa2 32. Rc1 Qb2 33. Qg5 Qxf2 34. Qxg4 Rf7 35. Qxe6 Nf4 36. Qg4+ Kf8 37. Qg5 Ng6 38. Ng3 Kg8 39. Qd5 Nf4 40. Rc8+ Kg7 41. Qg5+ Ng6 42. Nh5# 1-0

[Event "Bassano del Grappa Vergani Cup"]
[Site "Bassano del Grappa"]
[Date "2023.02.01"]
[Round "1"]
[White "Marson, Roy"]
[Black "Krishna Teja, N."]
[Result "0-1"]
[WhiteElo "2009"]
[BlackElo "2333"]
[PlyCount "90"]
[EventDate "2023.02.01"]
[EventType "swiss"]
[EventRounds "9"]
[EventCountry "ITA"]
[SourceTitle "CBM 212 Extra"]
[Source "ChessBase"]
[SourceDate "2023.03.31"]
[SourceVersion "1"]
[SourceVersionDate "2023.03.31"]
[SourceQuality "1"]

1. e4 e5 2. Nf3 Nc6 3. Bb5 a6 4. Ba4 Nf6 5. 0-0 Be7 6. Re1 b5 7. Bb3 d6 8. c3 0-0 9. h3 Nb8 10. d4 Nbd7 11. Nbd2 Bb7 12. Bc2 Re8 13. Nf1 Bf8 14. Ng3 g6 15. a4 Bg7 16. Bg5 h6 17. Bd2 Nb6 18. axb5 axb5 19. b3 exd4 20. cxd4 c5 21. Ba5 Nfd7 22. Bc3 b4 23. Bb2 d5 24. Qd2 Qe7 25. exd5 Qf8 26. Rxa8 Rxa8 27. Bb1 c4 28. Qe2 c3 29. Bc1 Bxd5 30. Bc2 Ra2 31. Qd3 Qa8 32. h4 Nf6 33. h5 g5 34. Nxg5 hxg5 35. Bxg5 Ra1 36. Bb1 Rxb1 37. Qxb1 Nh7 38. Be7 Bxg2 39. Qf5 Nd5 40. h6 Bxh6 41. Nh5 Nxe7 42. Rxe7 Bd5 43. Rc7 Qa1+ 44. Kh2 Qh1+ 45. Kg3 Qg2+ 0-1

[Event "Lignano Bella Italia op 1st"]
[Site "Lignano Sabbiadoro"]
[Date "2022.08.22"]
[Round "8"]
[White "Marson, Roy"]
[Black "Giraldi, Edoardo"]
[Result "0-1"]
[WhiteElo "1959"]
[BlackElo "1909"]
[PlyCount "86"]
[EventDate "2022.08.18"]
[EventType "swiss"]
[EventRounds "9"]
[EventCountry "ITA"]
[SourceTitle "CBM 210 Extra"]
[Source "ChessBase"]
[SourceDate "2022.11.30"]
[SourceVersion "1"]
[SourceVersionDate "2022.11.30"]
[SourceQuality "1"]

1. e4 c5 2. Nf3 e6 3. d3 Nc6 4. g3 d5 5. Nbd2 Nf6 6. Bg2 Be7 7. 0-0 Qc7 8. c3 b6 9. Re1 Bb7 10. Qc2 0-0-0 11. a3 h6 12. e5 Nd7 13. d4 c4 14. b3 cxb3 15. Nxb3 Ba6 16. Nfd2 Na5 17. Nxa5 bxa5 18. Qa4 Qxc3 19. Bb2 Nb6 20. Bxc3 Nxa4 21. Bxa5 Rd7 22. Rec1+ Kb8 23. Rab1+ Rb7 24. Rxb7+ Bxb7 25. Rc7 Bd8 26. Rxf7 Bxa5 27. Nb3 Bb6 28. Bh3 Nc3 29. Bxe6 Ne2+ 30. Kg2 Nxd4 31. Nxd4 Bxd4 32. f4 Bc5 33. Rd7 Bc8 34. Rxg7 Bxe6 35. Rg6 Bf5 36. Rf6 Be4+ 37. Kf1 d4 38. e6 Kc7 39. f5 Rf8 40. e7 Bxe7 41. Re6 Bd3+ 42. Ke1 Bxa3 43. f6 Bc4 0-1

[Event "Lignano Bella Italia op 1st"]
[Site "Lignano Sabbiadoro"]
[Date "2022.08.18"]
[Round "3"]
[White "Marson, Roy"]
[Black "Etxagibel Larranaga, Asier"]
[Result "0-1"]
[WhiteElo "1959"]
[BlackElo "2118"]
[PlyCount "102"]
[EventDate "2022.08.18"]
[EventType "swiss"]
[EventRounds "9"]
[EventCountry "ITA"]
[SourceTitle "CBM 210 Extra"]
[Source "ChessBase"]
[SourceDate "2022.11.30"]
[SourceVersion "1"]
[SourceVersionDate "2022.11.30"]
[SourceQuality "1"]

1. e4 c6 2. d4 d5 3. exd5 cxd5 4. c4 Nf6 5. Nc3 g6 6. Nf3 Bg7 7. Bf4 0-0 8. Be2 b6 9. 0-0 Bb7 10. a3 Nbd7 11. Ne5 dxc4 12. Nxc4 Rc8 13. Re1 Nd5 14. Nxd5 Bxd5 15. Ne3 Bb7 16. Qa4 a6 17. Rac1 Nb8 18. Be5 b5 19. Qb3 Rxc1 20. Rxc1 Bxe5 21. dxe5 Nc6 22. Qc3 Qd4 23. Bf3 Rc8 24. Bxc6 Qxc3 25. Rxc3 Rxc6 26. Rxc6 Bxc6 27. Kf1 f6 28. exf6 exf6 29. Ke2 Kf7 30. Kd3 Ke6 31. Kd4 Kd6 32. f4 h5 33. g3 a5 34. b4 axb4 35. axb4 Bf3 36. Nc2 Be2 37. Na3 Bf1 38. Nb1 g5 39. Nc3 Ke6 40. fxg5 fxg5 41. Ne4 Kf5 42. Nd6+ Kg4 43. Nf7 Kh3 44. Ke3 Kxh2 45. Kf2 g4 46. Ne5 Bg2 47. Ng6 Be4 48. Ne5 Bf5 49. Nf7 h4 50. gxh4 g3+ 51. Ke3 g2 0-1

[Event "Bassano del Grappa Easter op-A 2nd"]
[Site "Bassano del Grappa"]
[Date "2022.04.18"]
[Round "8"]
[White "Schlegel, Igor"]
[Black "Marson, Roy"]
[Result "0-1"]
[WhiteElo "2249"]
[BlackElo "1872"]
[PlyCount "40"]
[EventDate "2022.04.14"]
[EventType "swiss"]
[EventRounds "9"]
[EventCountry "ITA"]
[SourceTitle "EXT 2024"]
[Source "ChessBase"]
[SourceDate "2023.10.10"]
[SourceVersion "1"]
[SourceVersionDate "2023.10.10"]
[SourceQuality "1"]

1. e4 e5 2. Nf3 Nc6 3. Bc4 Bc5 4. b4 Bxb4 5. c3 Ba5 6. d4 exd4 7. Qb3 Qf6 8. 0-0 Nge7 9. cxd4 d6 10. Bg5 Qg6 11. d5 Ne5 12. Nxe5 dxe5 13. Bxe7 Kxe7 14. Qa3+ Kd8 15. Qxa5 Bh3 16. g3 Qxe4 17. f3 Qxc4 18. Nd2 Qd4+ 19. Kh1 Bxf1 20. d6 b6 0-1

[Event "Bassano del Grappa Easter op-A 2nd"]
[Site "Bassano del Grappa"]
[Date "2022.04.17"]
[Round "7"]
[White "Marson, Roy"]
[Black "Okuyaz, Duru"]
[Result "1/2-1/2"]
[WhiteElo "1872"]
[BlackElo "2094"]
[PlyCount "179"]
[EventDate "2022.04.14"]
[EventType "swiss"]
[EventRounds "9"]
[EventCountry "ITA"]
[SourceTitle "EXT 2024"]
[Source "ChessBase"]
[SourceDate "2023.10.10"]
[SourceVersion "1"]
[SourceVersionDate "2023.10.10"]
[SourceQuality "1"]

1. e4 e6 2. d4 d5 3. Nc3 Nf6 4. e5 Nfd7 5. f4 c5 6. Nf3 Nc6 7. Be3 Be7 8. Be2 0-0 9. Qd2 a6 10. 0-0 b5 11. a3 Qc7 12. Nd1 Na5 13. b3 Bb7 14. Nf2 Rac8 15. dxc5 Bxc5 16. Bxc5 Nxc5 17. Nd4 Nc6 18. Nxc6 Qxc6 19. Rac1 Ne4 20. Nxe4 dxe4 21. Qe3 Qc3 22. Qxc3 Rxc3 23. Rfd1 Bd5 24. a4 bxa4 25. bxa4 a5 26. Rd4 Rfc8 27. Bd1 g6 28. Rb1 e3 29. Kf1 Ra3 30. g3 Bc4+ 31. Ke1 e2 32. Bxe2 Bxe2 33. Kxe2 Rxc2+ 34. Rd2 Rxd2+ 35. Kxd2 Rxa4 36. Rb8+ Kg7 37. Ra8 Ra2+ 38. Ke3 a4 39. Kf3 h5 40. h4 a3 41. Ke3 Ra1 42. Kf2 a2 43. Kg2 g5 44. hxg5 Kg6 45. Ra4 Kf5 46. Kh2 Kg4 47. Kg2 h4 48. gxh4 Kxh4 49. f5+ Kxg5 50. fxe6 fxe6 51. Ra3 Kf5 52. Ra5 Kf4 53. Kh2 Ke3 54. Kg2 Kd3 55. Ra8 Kd4 56. Ra5 Kc4 57. Ra8 Kc3 58. Ra7 Kb3 59. Rb7+ Ka4 60. Ra7+ Kb5 61. Ra8 Kb6 62. Ra3 Kc5 63. Ra8 Kd5 64. Ra5+ Kd4 65. Kh2 Rf1 66. Rxa2 Kxe5 67. Kg2 Rf4 68. Ra5+ Ke4 69. Ra4+ Kf5 70. Ra3 Rg4+ 71. Kf3 Rb4 72. Ke3 Rh4 73. Ra5+ e5 74. Ra8 Rh3+ 75. Ke2 Kf4 76. Rf8+ Ke4 77. Ra8 Rh2+ 78. Ke1 Kf4 79. Ra4+ e4 80. Ra3 Rh1+ 81. Ke2 Rb1 82. Rc3 Rb2+ 83. Ke1 Ke5 84. Ra3 Kd4 85. Ra4+ Ke3 86. Ra3+ Kf4 87. Rc3 Rb1+ 88. Ke2 Rg1 89. Ra3 Rg2+ 90. Ke1 1/2-1/2

[Event "Bassano del Grappa Easter op-A 2nd"]
[Site "Bassano del Grappa"]
[Date "2022.04.16"]
[Round "5"]
[White "Marson, Roy"]
[Black "Chennaoui, Yasin"]
[Result "0-1"]
[WhiteElo "1872"]
[BlackElo "2065"]
[PlyCount "66"]
[EventDate "2022.04.14"]
[EventType "swiss"]
[EventRounds "9"]
[EventCountry "ITA"]
[SourceTitle "EXT 2024"]
[Source "ChessBase"]
[SourceDate "2023.10.10"]
[SourceVersion "1"]
[SourceVersionDate "2023.10.10"]
[SourceQuality "1"]

1. e4 d6 2. d4 Nf6 3. Nc3 e5 4. dxe5 dxe5 5. Qxd8+ Kxd8 6. Bg5 Nbd7 7. Nf3 Bd6 8. 0-0-0 Ke8 9. Bb5 a6 10. Bd3 b5 11. h3 b4 12. Ne2 Bb7 13. Ng3 Ng8 14. Nf5 f6 15. Nxd6+ cxd6 16. Bd2 a5 17. Rhe1 Nc5 18. Be3 Rc8 19. Bb5+ Ke7 20. Bxc5 Rxc5 21. Ba4 Nh6 22. Nd2 Rhc8 23. Nf1 f5 24. f3 fxe4 25. fxe4 Ng8 26. g4 Nf6 27. Ng3 g6 28. g5 Nd7 29. Rf1 Ba6 30. Bxd7 Rxc2+ 31. Kb1 Kxd7 32. Rf7+ Ke8 33. Rxh7 Rc1+ 0-1

[Event "Veneto-ch qf 80th"]
[Site "Sottomarina"]
[Date "2021.06.04"]
[Round "1.5"]
[White "Marson, Roy"]
[Black "Simonetto, Alessio"]
[Result "0-1"]
[WhiteElo "1756"]
[BlackElo "2114"]
[PlyCount "70"]
[EventDate "2021.06.04"]
[EventType "swiss"]
[EventRounds "5"]
[EventCountry "ITA"]
[SourceTitle "EXT 2024"]
[Source "ChessBase"]
[SourceDate "2023.10.10"]
[SourceVersion "1"]
[SourceVersionDate "2023.10.10"]
[SourceQuality "1"]

1. e4 e5 2. Nf3 Nc6 3. Bb5 a6 4. Ba4 d6 5. c3 Bd7 6. 0-0 g6 7. d4 Bg7 8. Re1 b5 9. Bc2 Nf6 10. h3 0-0 11. Nbd2 Nh5 12. Nf1 Rb8 13. d5 Ne7 14. a4 Qc8 15. axb5 axb5 16. Bg5 f6 17. Be3 Rb7 18. Qd2 f5 19. Bg5 Qe8 20. Bxe7 Qxe7 21. exf5 gxf5 22. Qg5 Qf7 23. Qd2 Qg6 24. Qg5 b4 25. Qxg6 hxg6 26. Red1 Nf4 27. Ne3 bxc3 28. b3 e4 29. Ne1 Ne2+ 30. Kf1 Nd4 31. Ra3 Rfb8 32. Rb1 Bb5+ 33. Kg1 f4 34. Nd1 Nxc2 35. Nxc2 Bd3 0-1

[Event "Mestre Sheraton op-B 1st"]
[Site "Mestre"]
[Date "2021.02.28"]
[Round "5"]
[White "Marson, Roy"]
[Black "Pasquotto, Mirko"]
[Result "1/2-1/2"]
[WhiteElo "1323"]
[BlackElo "1777"]
[PlyCount "124"]
[EventDate "2021.02.26"]
[EventType "swiss"]
[EventRounds "5"]
[EventCountry "ITA"]
[SourceTitle "EXT 2023"]
[Source "ChessBase"]
[SourceDate "2022.10.05"]
[SourceVersion "1"]
[SourceVersionDate "2022.10.05"]
[SourceQuality "1"]

1. e4 c5 2. Nf3 d6 3. d4 cxd4 4. Nxd4 Nf6 5. Nc3 a6 6. h3 e6 7. g4 Be7 8. Bg2 Nc6 9. Be3 Qc7 10. Nxc6 bxc6 11. 0-0 0-0 12. f4 d5 13. g5 Nd7 14. h4 Rb8 15. Rb1 Nb6 16. f5 Nc4 17. Bf4 Bc5+ 18. Kh1 e5 19. Bc1 Rd8 20. Na4 Bf8 21. exd5 cxd5 22. b3 Bd7 23. Nc3 Nb6 24. Bb2 Bc6 25. Qg4 d4 26. Ne4 Nd5 27. Bc1 Nc3 28. Nxc3 dxc3 29. Be3 Rb4 30. Qg3 Qb7 31. Bxc6 Qxc6+ 32. Kg1 Bc5 33. Rbe1 Rd2 34. Rf2 Bxe3 35. Rxe3 Rd1+ 36. Rf1 Rdd4 37. Rxc3 Qb7 38. Rc4 Rbxc4 39. bxc4 Rxc4 40. Rd1 Qb6+ 41. Kh1 Rxc2 42. Qxe5 Qb7+ 43. Qd5 Qxd5+ 44. Rxd5 Kf8 45. Ra5 Rc4 46. Kg2 Rxh4 47. Kg3 Rd4 48. Rxa6 Rd5 49. Kf4 Rd1 50. Ra7 h5 51. f6 Rf1+ 52. Ke5 gxf6+ 53. gxf6 Kg8 54. Ra8+ Kh7 55. Rf8 Kg6 56. Rg8+ Kh7 57. Rg7+ Kh6 58. Rxf7 Re1+ 59. Kf5 Rf1+ 60. Ke6 Re1+ 61. Kf5 Rf1+ 62. Ke6 Re1+ 1/2-1/2

[Event "Veneto-ch qf 79th"]
[Site "Padova"]
[Date "2020.02.21"]
[Round "1.32"]
[White "Marson, Roy"]
[Black "Giordani, Luca"]
[Result "0-1"]
[WhiteElo "1503"]
[BlackElo "1977"]
[PlyCount "90"]
[EventDate "2020.02.21"]
[EventType "swiss"]
[EventRounds "3"]
[EventCountry "ITA"]
[SourceTitle "EXT 2024"]
[Source "ChessBase"]
[SourceDate "2023.10.10"]
[SourceVersion "1"]
[SourceVersionDate "2023.10.10"]
[SourceQuality "1"]

1. e4 c5 2. Nf3 e6 3. d4 cxd4 4. Nxd4 Nf6 5. Nc3 Nc6 6. a3 Bc5 7. Be3 Qb6 8. Na4 Qa5+ 9. Nc3 Nxe4 10. Nxc6 bxc6 11. Bxc5 Nxc3 12. Qd6 Ne4+ 13. Bb4 Nxd6 14. Bxa5 Nb7 15. Bc3 0-0 16. Ba6 c5 17. h4 Nd8 18. Bb5 Rb8 19. Ba4 f6 20. 0-0-0 d5 21. h5 Nf7 22. Ba5 Ba6 23. Bd7 Bc8 24. Bc6 Ne5 25. Ba4 Nc4 26. Bc7 Rb7 27. b3 Rxc7 28. bxc4 d4 29. c3 e5 30. Bb3 Be6 31. f3 Rb8 32. Ba2 Rcb7 33. cxd4 cxd4 34. Rd2 Rc7 35. Rc2 Rbc8 36. Kd2 Rc5 37. g4 Ra5 38. Re1 Rxa3 39. f4 Ra5 40. f5 Bf7 41. Rb1 Rac5 42. Kd3 Ra5 43. Ke4 Ra3 44. Bb3 Rb8 45. Rcb2 a5 0-1